00691nam a2200193 i 450000100060000000300090000600500170001500700030003200800410003510000280007624500740010426000660017830000220024449000270026683000350029385200310032899900170035995201210037680673ES-MaACL20230906174253.0t|041029s1942 gw ||||1| ger d1 aHoster, Hermann.96429610aGenesung in Graubünden b: roman eines kurortes / cHermann Hoster. aLeipzig : bBernhard Tauchnitz, c1942 (fOscar Brandstetter) a398 p. ; c19 cm.1 aDer deutsche tauchnitz0 aDer deutsche tauchnitz9182699 aES-MaACLjF-4750 bR.19907 c80673d80673 00104070aATENEOMbATENEOMcDEPO2d2008-01-17eSCl0oF-4750p1084343r2023-02-23 00:00:00w2023-02-23yMONOGRAFIA